| 000 | 00921naa a22002657u 4500 | ||
|---|---|---|---|
| 001 | 07077 | ||
| 003 | HDC | ||
| 007 | cr bn ---aaaaa | ||
| 008 | 210126s2009 flu b eng d | ||
| 040 | _aHDC | ||
| 100 |
_aTogna, Giuseppina I., _eauthor _97566 |
||
| 245 | 0 |
_aOLIVE OIL: Minor Constituents and Health : _bOlive Oil Hydroxy-Isochromans / _cby Giuseppina I. Togna, Giuliana Trefiletti, and Marcella Guiso |
|
| 260 |
_aBoca Raton : _bCRC Press, _c2009 |
||
| 300 | _a8 pages | ||
| 336 |
_atext _2rdacontent |
||
| 337 |
_acomputer _2rdamedia |
||
| 338 |
_aonline resource _2rdacarrier |
||
| 500 | _aOriginal from book | ||
| 650 |
_aHealth _94234 |
||
| 650 |
_aOlive oil _97560 |
||
| 856 | _zRequest full-text at [email protected] | ||
| 942 | _2lcc | ||
| 942 | _cCHAP | ||
| 942 | _kEBCH 000472 | ||
| 999 |
_c4401 _d4401 |
||